Sweets by Country - Statistics

General Stats
  • This quiz has been taken 148 times
  • The average score is 7 of 18
Answer Stats
Food Country % Correct
Gelato Italy
87%
Mousse France
73%
Mochi Ice Cream Japan
67%
Pie United Kingdom
62%
Apple Crisp (Crumble) United States
47%
Deep-Fried Mars Bar Scotland (UK)
37%
Daifuku Japan
34%
Gyeongju Bread South Korea
34%
Mooncakes China
33%
Chocolate Mesoamerica
32%
Cake United States
29%
Gummi Candy Germany
26%
Eggnog United Kingdom
23%
Ice Cream China
20%
Imarti India
18%
Nanaimo Bars Canada
17%
Butter Tarts Canada
13%
Cookies (Biscuits) Iran
2%
No matching quizzes found
Score Distribution
Percent of People with Each Score
Percentile by Number Answered
Your Score History
You have not taken this quiz